书目信息 |
| 题名: |
德语高级听力
|
|
| 作者: | 姚晓舟 编 | |
| 分册: | ||
| 出版信息: | 北京 外语教学与研究出版社 2000 |
|
| 页数: | 447页 | |
| 开本: | 20cm | |
| 丛书名: | ||
| 单 册: | ||
| 中图分类: | H339.9 | |
| 科图分类: | ||
| 主题词: | 德语--视听教学--高等学校--教材 , CT--S012710--德语 , CT--S068330--视听教学 | |
| 电子资源: | ||
| ISBN: | 7-5600-1857-2 | |
| 000 | 01036nam0 2200289 45 | |
| 001 | 012001048464 | |
| 005 | 20010718174646.5 | |
| 009 | 012001048464 | |
| 010 | @a7-5600-1857-2@dCNY17.90 | |
| 035 | @a(011001)c2001042441 | |
| 100 | @a20010710e20032000em y0chiy0110 ea | |
| 101 | 0 | @achi@ager |
| 102 | @aCN@b110000 | |
| 105 | @ay z 000yy | |
| 106 | @ar | |
| 200 | 1 | @a德语高级听力@Ade yu gao ji ting li@e外电分析@Ewai dian fen xi@f姚晓舟编@Fyao xiao zhou bian |
| 210 | @a北京@c外语教学与研究出版社@d2000@h2003重印 | |
| 215 | @a447页@d20cm | |
| 330 | @a本书为大学本科德语专业高年级听力教材,共38课,供上下两个学期使用。课文主要为德国电视台对德国和国际大事等的经典性新闻报道和背景分析。 | |
| 510 | 1 | @aHorverstandnis fur Fortgeschrittene Deutschlerner@eNachrichtenanalyse@zger |
| 606 | 0 | @a德语@x视听教学@x高等学校@j教材 |
| 606 | 0 | @2CT@3S012710@a德语 |
| 606 | 0 | @2CT@3S068330@a视听教学 |
| 690 | @aH339.9@v4 | |
| 701 | 0 | @a姚晓舟@Ayao xiao zhou@4编 |
| 801 | 0 | @aCN@bNLC@c20010718 |
| 905 | @dH339.9@e106 @f3 | |
| 德语高级听力:外电分析/姚晓舟编.-北京:外语教学与研究出版社,2000(2003重印) |
| 447页;20cm |
| ISBN 7-5600-1857-2:CNY17.90 |
| 本书为大学本科德语专业高年级听力教材,共38课,供上下两个学期使用。课文主要为德国电视台对德国和国际大事等的经典性新闻报道和背景分析。 |
| ● |
| 相关链接 |
|
|
|
|
正题名:德语高级听力
索取号:H339.9/106
 
预约/预借
| 序号 | 登录号 | 条形码 | 馆藏地/架位号 | 状态 | 备注 |
| 1 | 0684773 | 206847732 | 第二样本阅览室/ [索取号:H339.9/106] | 在馆 | |
| 2 | 0684774 | 206847741 | 密集书库/ [索取号:H339.9/106] | 在馆 | |
| 3 | 0684775 | 206847750 | 密集书库/ [索取号:H339.9/106] | 在馆 | |
| 4 | 0684776 | 206847769 | 密集书库/ [索取号:H339.9/106] | 在馆 | |
| 5 | 0684777 | 206847778 | 密集书库/ [索取号:H339.9/106] | 在馆 | |
| 6 | 0775301 | 207753019 | 密集书库/ [索取号:H339.9/106] | 在馆 | |
| 7 | 0777556 | 207775567 | 密集书库/ [索取号:H339.9/106] | 在馆 | |
| 8 | 0852266 | 208522669 | 第四借阅区/ [索取号:H339.9/106] | 在馆 | |
| 9 | 0852267 | 208522678 | 第四借阅区/ [索取号:H339.9/106] | 在馆 | |
| 10 | 0852268 | 208522687 | 第四借阅区/ [索取号:H339.9/106] | 在馆 |